000 00469nam a2200169Ia 4500
008 210719s2016 xx 000 0 und d
041 _akok
082 _a891.461 BANJ
100 _aBANDEKARA (Vasanta)
245 _aJagrati kavanam: kavanam punjo
260 _aManglur
_bKarnataka Konkani Sahitya Akademy.
_c2016
300 _avii,34
_bPB
365 _cRs
650 _aKonkani Poetry
650 _aKonkani Poetry
906 _aJagrati ; kavanam ; kavanam: ; punjo
999 _c215683
_d215683